000 00502nam a22001937a 4500
999 _c8043
_d8043
003 OSt
005 20221017123644.0
008 221017b ||||| |||| 00| 0 eng d
040 _cDNM
082 _aWJ151 T314l 2002
100 _aEshleman, J. Lester
_916363
245 _aA Textbook of Urology & Nephrology in Africa
260 _aUSA;
_bPennsylvania,
_c2002
300 _a267p;Ill:30cm
504 _aIndex included
650 _aUrology
_92988
650 _aNephrology
_916364
942 _2z
_cB_BANK